| 000 | 00456nam a2200145Ia 4500 | ||
|---|---|---|---|
| 008 | 180921t xxu||||| ||||o00| 0 eng d | ||
| 041 | _aeng | ||
| 080 | _aVol.3 1900-1913 | ||
| 245 | _aordinances Nos. : No.30 of 1909.An ordinance To Amend "The Small Towns Sanitary ordinance,1892." (Embodied In No.18 of 1892,Vol.2.,Page 500.) | ||
| 300 | _ap.578, 23 cm | ||
| 650 | _aSmall Towns | ||
| 942 | _cBK | ||
| 999 |
_c51147 _d51147 |
||
| 003 | LK-CoDNM | ||
| 040 |
_aLK-CoDNM _dLK-CoDNM _eLK-CoDNM |
||